| 000 | 01092nac a22002291u 4500 | ||
|---|---|---|---|
| 008 | 101221s1989 xxu||||| |||| 00| 0 ara d | ||
| 020 | _a9771483064 | ||
| 082 |
_a157.9 _bر و ت |
||
| 100 | 1 |
_aروتر ، جوليان _921622 |
|
| 245 |
_aعلم النفس الإكلينيكي / _cتأليف جوليان روتر ؛ ترجمة عطية محمود هنا ؛ مراجعة محمد عثمان نجاتي |
||
| 250 | _aط 3. | ||
| 260 |
_aالقاهرة : _bدار الشروق ،1989 _c1989. |
||
| 300 |
_a302 ص : _bايض ؛ _c24 سم. |
||
| 490 | 0 |
_916554 _aمكتبة أصول علم النفس الحديث |
|
| 500 | _aهذا الكتاب ترجمة لكتاب Clinical Psychology/ Julian B. Rotter. 2nd ed. ENglewood Cliffs, Nj: Prentice-Hall, 1971 | ||
| 504 | _aيشتمل على ببليوجرافية ص 187-192 وكشاف | ||
| 650 |
_aاختبارات الذكاء _916860 |
||
| 650 |
_aالعلاج النفسى _98392 |
||
| 650 |
_aعلم النفس العلاجى _921623 |
||
| 700 | 1 |
_aهنا ، عطية محمود _921624 _eترجمة |
|
| 942 |
_cBB _k157.9 ر و ت _2ddc |
||
| 999 |
_c6662 _d6662 |
||